| 000 | 00948nam a2200301Ia 4500 | ||
|---|---|---|---|
| 003 | OSt | ||
| 005 | 20220912151335.0 | ||
| 006 | a|||||r|||| 00| 0 | ||
| 007 | ta | ||
| 008 | 220909b |||||||| |||| 00| 0 eng d | ||
| 020 | _a0838907520 (pbk) | ||
| 024 | _a7680 | ||
| 037 | _bSelectbook, | ||
| 037 | _cTextual | ||
| 040 |
_aCSL _beng _cCSL |
||
| 041 | _aeng | ||
| 082 | _aD65,8(B):710bY68, P0 | ||
| 100 | _aMates Barbara T | ||
| 245 | 0 | _aAdaptive technology for the internet: making electronic resources accessible to all | |
| 260 |
_aChicago _bAmerican Library Association _c2000 |
||
| 300 | _aix,192p | ||
| 500 |
_aGlossary 173-176p. _ccm.; Bibliography 177-184p. _ccm.; Index 185-192p. _ccm. |
||
| 650 | _a Interfacing Communications | ||
| 650 | _a Internet for Blind | ||
| 650 | _aComputer Science | ||
| 942 |
_hD65,8(B):710bY68, P0 _cTEXL _2CC |
||
| 999 |
_c66333 _d66333 |
||